=LDR 00000nam 2200000 4500 =001 000198 =020 $9786025139468 =082 $613.700 =100 $$a Annisa Mayvista =245 $$a Pijat refleksi: Alternatif hidup lebih sehat dengan pijat /$c Annisa Mayvista =250 $Cetakan 2 =264 $Tangerang: Pintar Pustaka 2024 =300 $vi, 98 halaman; 21 cm. =650 $Kesehatan =905 $613.7 ANN p =336 $$a =337 $$a =338 $$a =005 20260702151432.0 =008 260702s2026\\\\\\\\\\\\\\\\\\\\\\\\\\\\\\\\\\\\\\\\\